| 000 | 03785cam a2200469 i 4500 | ||
|---|---|---|---|
| 999 |
_c1321 _d1321 |
||
| 001 | 18498620 | ||
| 003 | GZU | ||
| 005 | 20201006144208.0 | ||
| 008 | 150220s2015 cau b 101 0 eng | ||
| 010 | _a 2015003710 | ||
| 020 | _a9781629581620 (hardback) | ||
| 020 | _a9781629581637 (paperback) | ||
| 020 | _z9781629581644 (institutional ebook) | ||
| 020 | _z9781629581651 (consumer eBook) | ||
| 040 |
_aDLC _beng _cDLC _erda _dDLC |
||
| 042 | _apcc | ||
| 050 | 0 | 0 |
_aH62 _b.QUA 2015 |
| 084 |
_aSOC019000 _aEDU037000 _aMED058200 _2bisacsh |
||
| 111 | 2 |
_aInternational Congress of Qualitative Inquiry _n(10th : _d2014 : _cUniversity of Illinois, Urbana-Champaign) |
|
| 245 | 1 | 0 |
_aQualitative inquiry and the politics of research / _cNorman K. Denzin & Michael D. Giardina, editors. |
| 264 | 1 |
_aWalnut Creek, California : _bLeft Coast Press, _c[2015] |
|
| 300 |
_a215pages ; _c24 cm. |
||
| 336 |
_atext _2rdacontent |
||
| 337 |
_aunmediated _2rdamedia |
||
| 338 |
_avolume _2rdacarrier |
||
| 490 | 0 |
_aInternational Congress of Qualitative Inquiry ; _v10 |
|
| 504 | _aIncludes bibliographical references and index. | ||
| 505 | 8 | _aMachine generated contents note: Preface Chapter 1: Introduction, Norman K. Denzin & Michael D. Giardina Chapter 2: Challenges of interdisciplinary research across ideological and methodological contexts, Mirka Koro-Ljungberg Chapter 3: Critical qualitative research in global neoliberalism, Gaile Cannella & Yvonna S. Lincoln Chapter 4: Language and representation in post qualitative research, Elizabeth Adams St. Pierre Chapter 5: Qualitative methodology: The work and thought of the politics of research, Patti Lather Chapter 6: Qualitative data analysis 2.0: Developments, trends, challenges, Uwe Flick Chapter 7: Teaching reflexivity in qualitative research: Fostering a research lifestyle, Judith Preissle & Kathleen P. deMarrais Chapter 8: Teaching the future autoethnographer: Bringing patients and physicians together, Nicole Defenbaugh Chapter 9: Critical autoethnography as intersectional praxis: A performative pedagogical interplay on bleeding, Bryant Keith Alexander Chapter 10: Writing myself into Winesberg, Ohio, Laura Atkins Chapter 11: The three Rs - remembering, revisiting, reworking: How we think, but not in schools, Patrick Lewis Chapter 12: Imagining critical qualitative futures researching networks, systems, and other power assemblages in the 21st century, Harry Torrance Index About the Authors. | |
| 520 |
_a"This volume of plenary addresses and other key presentations from the 2014 International Congress of Qualitative Inquiry highlights the politics of research in the neoliberal state and the role of qualitative researchers in that debate. Marginalized by an increasingly top-down, assessment-driven university system, the fifteen contributors from a variety of disciplines show the responses of qualitative scholars in their research, writing, advocacy, and teaching, both inside the university and in the broader society. Sponsored by the International Congress of Qualitative Inquiry"-- _cProvided by publisher. |
||
| 650 | 0 |
_aQualitative research _vCongresses. |
|
| 650 | 0 |
_aInterdisciplinary research _vCongresses. |
|
| 650 | 0 |
_aResearch _vCongresses. |
|
| 650 | 0 |
_aLearning and scholarship _vCongresses. |
|
| 650 | 7 |
_aSOCIAL SCIENCE / Methodology. _2bisacsh |
|
| 650 | 7 |
_aEDUCATION / Research. _2bisacsh |
|
| 650 | 7 |
_aMEDICAL / Nursing / Research & Theory. _2bisacsh |
|
| 700 | 1 |
_aDenzin, Norman K. _eeditor |
|
| 700 | 1 |
_aGiardina, Michael D., _d1976- _eeditor |
|
| 906 |
_a7 _bcbc _corignew _d1 _eecip _f20 _gy-gencatlg |
||
| 942 |
_2lcc _cBK _h62 _iQUA _kH |
||